00463nam a2200193 a 4500001001300000003000900013005001700022008004100039020000900080082001600089100002000105245001600125260003800141300000900179500003500188505001000223650001600233700002000249nice12345678IN_TiNIC20260116013754.0050524s1998 dela grp 000 0 eng  ac9000a340.59bWAL aWaliullah, Shah aFiqh-E-Omar aDelhibIslamic Book Servicec1998 a367p aincludes index and biblioraphy2 aNotes aIslamic-Law1 aWaliullah, Shah